Normal view MARC view
  • Political fiction

Entry Genre/Form Term

Number of records used in: 1

001 - CONTROL NUMBER

  • control field: 89051

003 - CONTROL NUMBER IDENTIFIER

  • control field: NUST

005 - DATE AND TIME OF LATEST TRANSACTION

  • control field: 20220215160634.0

008 - FIXED-LENGTH DATA ELEMENTS

  • fixed length control field: 220215|| aca||aabn | a|a d

040 ## - CATALOGING SOURCE

  • Original cataloging agency: NUST
  • Transcribing agency: NUST

155 ## - HEADING--GENRE/FORM TERM

  • Genre/form term: Political fiction

670 ## - SOURCE DATA FOUND

  • Source citation: Work cat.: (NUST)33052: Aslam, Nadeem. 89049, Season Of The Rainbirds /, 1993.
© 2023 Central Library, National University of Sciences and Technology. All Rights Reserved.